1144 1906 1887 1214 1846 1318 1573 1237 1366 1193 1147 1313 1010 1520 1127 1518 1692 1081 1556 1606 1941 1858 1965 1354 1115 1045 1012 1595 1990 1497 1540 1388 1438 1810 1765 1396 1339 1219 1348 1635 1121 1727 1037 1156 1437 1143 1669 1208 1000 1102 1433 1470 1752 1075 1263 1564 1390 1518 1612 1455 1329 1026 1130 1104 1253 1896 1705 1459 1054 1557 1245 1702 1412 1062 1895 1073 1116 1220 1335 1376 1532 1275 1637 1694 1269 1008 1373 1149 1930 1809 1729 1046 1982 1091 1593 1905 1739 1362 1915 BCNSPRNW ULIB Ver.6.0+V

เปลี่ยนเป็นภาษาไทย

Change to English
 แสดงรายละเอียดบรรณานุกรม
  กลับหน้าหลัก

Brief Record : Get Marc (ISO 2709) : E-mail record : QR code < ปิดหน้าต่าง
LEADER : 00000nam 2200000uu 4500
001    13399111721
003     ULIB
008    110707s2554||||th 000 0 tha d
024    858710302394
090    นว.^bธ675ท 2554
100 0  ธีรสา
245 00 ทรายสวาท ห้วงเสน่หา/^cธีรสา
260    กรุงเทพฯ :^bMy love,^c2554
300    396 หน้า
945    ^p265^l0^i18289
995     เกษร
999     ^aใช้งานได้ทุกระบบ
รายการนี้ยังไม่มีแท็ก
คุณยังไม่ได้ล็อกอิน คุณสามารถมีกิจกรรมร่วมกับเว็บไซต์ได้ แต่ต้องล็อกอินก่อน ::
  ล็อกอิน

รายการสื่อสารสนเทศ

ลำดับที่ ประเภท เลขเรียก/บาร์โค้ด สถานที่ สถานะ
1. วิทยาศาสตร์การแพทย์ และสุขภาพ
วิทยาศาสตร์การแพทย์ และสุขภาพ
นว. ธ675ท 2554  
  Barcode: 18289
ห้องสมุดวิทยาเขตสวรรค์ประชารักษ์
►นวนิยาย
บนชั้น
  ขอยืม

BibComment


ยังไม่เคยถูกคอมเมนท์

คอมเมนท์ทรัพยากรรายการนี้
  คอมเมนท์: ทรายสวาท ห้วงเสน่..


 Copyright 2026. Bcnsprnw @Library